América Latina, entre la desigualdad y la esperanza: crónicas sobre educación, infancia y discriminación /

書誌詳細
第一著者: Gentili, Pablo
フォーマット: 図書
言語:スペイン語
出版事項: Argentina : Siglo Veintiuno, 2015
シリーズ:Sociología y política
主題:

MARC

LEADER 00000nam a2200000 4500
008 160502b2015 ag ||||| |||| 00| | spa d
020 |a 9789876296120 
090 |a 06.02.01  |b 2322 
100 1 |9 1680  |a Gentili, Pablo 
245 1 0 |a América Latina, entre la desigualdad y la esperanza: crónicas sobre educación, infancia y discriminación /  |c Pablo Gentili 
260 |a Argentina :  |b Siglo Veintiuno,  |c 2015 
300 |a 317 páginas 
490 |a Sociología y política 
650 1 4 |9 1  |a EDUCACIÓN 
650 1 4 |9 69  |a GÉNERO 
650 1 4 |9 71  |a VIOLENCIA 
650 1 4 |9 1681  |a CONDICIONES SOCIALES 
942 |i 004143  |h 06.02.01 2322  |2 z  |c 01 
999 |c 3188  |d 3188